Základné makroekonomické rámce vývoja slovenskej ekonomiky v roku 2016

Slovenská obchodná a priemyselná komora organizovala 28. januára 2016 v poradí 19. ročník konferencie. Vývoj domácej ekonomiky v začínajúcom sa roku. Hlavné myšlienky z vystúpenia rečníkov.

Gespeichert in:
Bibliographische Detailangaben
1. Verfasser: Ochotnický, Pavol
Format: Buchkapitel
Sprache:Slowakisch
Schlagworte:
Tags: Tag hinzufügen
Keine Tags, Fügen Sie das erste Tag hinzu!

MARC

LEADER 00000naa a2200000 4500
001 0213215
005 20240502073541.2
041 0 |a slo 
044 |a SK 
245 1 0 |a Základné makroekonomické rámce vývoja slovenskej ekonomiky v roku 2016  |c Pavol Ochotnický 
520 |a Slovenská obchodná a priemyselná komora organizovala 28. januára 2016 v poradí 19. ročník konferencie. Vývoj domácej ekonomiky v začínajúcom sa roku. Hlavné myšlienky z vystúpenia rečníkov. 
610 2 0 |a Slovensko 
610 2 0 |a konferencie 
610 2 0 |a komory obchodné 
610 2 0 |a priemysel 
610 2 0 |a hospodárstvo národné 
610 2 0 |a vývoj hospodársky 
610 2 0 |a prognózy hospodárske 
100 1 |a Ochotnický, Pavol